| 000 | 00761nam a22001937a 4500 | ||
|---|---|---|---|
| 005 | 2010082105405.0 | ||
| 010 | _aENG-101254 | ||
| 020 |
_a9788174509017 _c55.00 |
||
| 035 | _aEN-84787 | ||
| 037 | _bDBAD/PUB | ||
| 082 | _a372.41 | ||
| 245 |
_aReading for meaning / _cedited by sonika Kaushik |
||
| 260 |
_aNew Delhi _bNational Council of Educational Research and Training _c2008 |
||
| 270 |
_aNational Council of Educational Research and Training Shri Aurobindo Marg _bNew Delhi _e110016 |
||
| 300 |
_avi, 128p _c21cm(pbk) |
||
| 700 |
_aKaushik Sonika _915912 |
||
| 942 |
_2ddc _cEN _h372.41 _mREA |
||
| 999 |
_c42871 _d42871 |
||